Statistics for 苏州轨道交通车站地图 Suzhou Rail Transit Map Quiz

Click here to take the quiz!

General Stats

  • This quiz has been taken 42 times
  • The average score is 25 of 40

Answers on the Map

Answers color-coded by a green-red scale on the quiz's map according to % correct below.
 

Answer Stats

LineStation% Correct
3号线 Line 3东方之门 Dongfangzhimen
79%
1号线 Line 1东方之门 Dongfangzhimen
79%
1号线 Line 1木渎 Mudu
79%
1号线 Line 1狮子山 Shizishan
76%
3号线 Line 3狮子山 Shizishan
76%
3号线 Line 3苏州新区火车站 Suzhou Xinqu Railway Station
76%
4号线 Line 4同里 Tongli
76%
3号线 Line 3唯亭 Weiting
76%
1号线 Line 1钟南街 Zhongnan Jie
76%
1号线 Line 1乐桥 Leqiao
72%
4号线 Line 4乐桥 Leqiao
72%
4号线 Line 4木里 Muli
72%
2号线 Line 2骑河 Qihe
72%
2号线 Line 2苏州火车站 Suzhou Railway Station
72%
4号线 Line 4苏州火车站 Suzhou Railway Station
72%
5号线 Line 5阳澄湖南 Yangchenghu South
72%
2号线 Line 2广济南路 Guangji Nanlu
69%
1号线 Line 1广济南路 Guangji Nanlu
69%
2号线 Line 2桑田岛 Sangtiandao
69%
4号线 Line 4龙道浜 Longdaobang
66%
5号线 Line 5太湖香山 Taihu Xiangshan
59%
5号线 Line 5星塘街 Xingtang Jie
59%
1号线 Line 1星塘街 Xingtang Jie
59%
4号线 Line 4红庄 Hongzhuang
55%
3号线 Line 3宝带路 Baodailu
52%
4号线 Line 4宝带路 Baodailu
52%
3号线 Line 3葑亭大道 Fengtingdadao
52%
5号线 Line 5葑亭大道 Fengtingdadao
52%
2号线 Line 2劳动路 Laodong Lu
52%
5号线 Line 5劳动路 Laodong Lu
52%
3号线 Line 3金厍桥 Jinsheqiao
48%
5号线 Line 5金厍桥 Jinsheqiao
48%
4号线 Line 4石湖东路 Shihu Donglu
48%
2号线 Line 2石湖东路 Shihu Donglu
48%
5号线 Line 5索山桥西 Suoshanqiao West
48%
3号线 Line 3索山桥西 Suoshanqiao West
48%
5号线 Line 5南门 Nanmen
45%
4号线 Line 4南门 Nanmen
45%
3号线 Line 3盘蠡路 Panli Lu
45%
2号线 Line 2盘蠡路 Panli Lu
45%

Score Distribution

Percentile by Number Answered

Percent of People with Each Score

Your Score History

You have not taken this quiz